[Event "Primorsko op-B"]
[Site "Primorsko"]
[Date "2019.09.20"]
[Round "5"]
[White "Kovachev, Radoslav"]
[Black "Stoimenov, Plamen"]
[Result "0-1"]
[WhiteElo "1447"]
[BlackElo "1773"]
[PlyCount "64"]
[EventDate "2019.09.16"]
[EventType "swiss"]
[EventRounds "7"]
[EventCountry "BUL"]
[SourceTitle "EXT 2020"]
[Source "ChessBase"]
[SourceDate "2019.10.17"]
[SourceVersion "1"]
[SourceVersionDate "2019.10.17"]
[SourceQuality "1"]

1. e4 d6 2. Nc3 g6 3. g3 Bg7 4. Bg2 Nc6 5. d3 Nf6 6. h3 0-0 7. Nge2 e5 8. 0-0 Be6 9. f4 exf4 10. Nxf4 Bd7 11. Ncd5 Nxd5 12. Nxd5 h6 13. Be3 Ne5 14. Qd2 c6 15. Nc3 Kh7 16. b3 Be6 17. d4 Nd7 18. d5 cxd5 19. exd5 Bf5 20. g4 Rc8 21. Bd4 Bxd4+ 22. Qxd4 Qb6 23. Qxb6 Nxb6 24. gxf5 Rxc3 25. fxg6+ Kxg6 26. Rf2 f5 27. Raf1 f4 28. Bf3 Nd7 29. Rg2+ Kf6 30. Bg4 Ke7 31. Be6 Ne5 32. Rg7+ Kf6 0-1

[Event "Primorsko op-A"]
[Site "Primorsko"]
[Date "2019.09.20"]
[Round "6"]
[White "Kovachev, Radoslav"]
[Black "Vasileva, Cveta"]
[Result "0-1"]
[WhiteElo "1447"]
[BlackElo "1566"]
[PlyCount "74"]
[EventDate "2019.09.15"]
[EventType "swiss"]
[EventRounds "9"]
[EventCountry "BUL"]
[SourceTitle "EXT 2020"]
[Source "ChessBase"]
[SourceDate "2019.10.17"]
[SourceVersion "1"]
[SourceVersionDate "2019.10.17"]
[SourceQuality "1"]

1. e4 e5 2. Nc3 Nf6 3. g3 Bb4 4. Bg2 Bxc3 5. bxc3 d6 6. d4 0-0 7. Ne2 h6 8. h3 c6 9. 0-0 Re8 10. Be3 exd4 11. Qxd4 c5 12. Qd3 Qe7 13. f3 Nc6 14. Rad1 Rd8 15. Nf4 Ne5 16. Qe2 Bd7 17. Nd5 Nxd5 18. exd5 a6 19. Qf2 Qf6 20. f4 Nc4 21. Rfe1 Qxc3 22. Rd3 Qf6 23. Rb3 b5 24. Bc1 Re8 25. Rd1 Re7 26. Bf1 Rae8 27. g4 Re4 28. Qg3 Qe7 29. g5 h5 30. f5 g6 31. Bd3 Re1+ 32. Rxe1 Qxe1+ 33. Qxe1 Rxe1+ 34. Kf2 Rxc1 35. fxg6 fxg6 36. Bxg6 h4 37. Rf3 Ne5 0-1

[Event "Primorsko op-A"]
[Site "Primorsko"]
[Date "2019.09.15"]
[Round "1"]
[White "Kovachev, Radoslav"]
[Black "Shoshin, Kirill"]
[Result "0-1"]
[WhiteElo "1447"]
[BlackElo "2083"]
[PlyCount "56"]
[EventDate "2019.09.15"]
[EventType "swiss"]
[EventRounds "9"]
[EventCountry "BUL"]
[SourceTitle "EXT 2020"]
[Source "ChessBase"]
[SourceDate "2019.10.17"]
[SourceVersion "1"]
[SourceVersionDate "2019.10.17"]
[SourceQuality "1"]

1. e4 e6 2. Nc3 d5 3. exd5 exd5 4. d4 Nf6 5. g3 Bd6 6. Bg2 c6 7. Nge2 0-0 8. 0-0 Bg4 9. h3 Bh5 10. g4 Bg6 11. f4 Be4 12. Nxe4 Nxe4 13. c3 Re8 14. f5 Qh4 15. Bf4 Nd7 16. Bxd6 Nxd6 17. Qe1 Qg5 18. Rf3 Re7 19. Qf1 Qd2 20. Rf2 Qxb2 21. Re1 Rae8 22. Bf3 Nc4 23. Kh2 Qxa2 24. g5 Nd2 25. Qg2 Nxf3+ 26. Qxf3 Qd2 27. g6 Qxe1 28. gxf7+ Kxf7 0-1

[Event "BUL-ch sf 80th"]
[Site "Plovdiv"]
[Date "2016.02.11"]
[Round "5"]
[White "Kovachev, Radoslav"]
[Black "Ivanov, Ljubomir"]
[Result "0-1"]
[WhiteElo "1530"]
[BlackElo "1891"]
[PlyCount "60"]
[EventDate "2016.02.08"]
[EventType "swiss"]
[EventRounds "9"]
[EventCountry "BUL"]
[SourceTitle "CBM 170 Extra"]
[Source "ChessBase"]
[SourceDate "2016.02.25"]
[SourceVersion "1"]
[SourceVersionDate "2016.02.25"]
[SourceQuality "1"]

1. e4 c6 2. Nc3 d5 3. exd5 cxd5 4. d4 Nf6 5. g3 Bf5 6. Bg2 e6 7. a3 Be7 8. h3 Bg6 9. Nge2 Nc6 10. Be3 h6 11. Nf4 Bh7 12. Qd2 Qa5 13. 0-0 Ne4 14. Nxe4 Bxe4 15. Qxa5 Nxa5 16. Bxe4 dxe4 17. b3 0-0 18. Bd2 Nc6 19. c3 e5 20. Nd5 exd4 21. Nxe7+ Nxe7 22. cxd4 Nd5 23. Rac1 Rac8 24. Rc5 Rc7 25. Rxc7 Nxc7 26. a4 Rd8 27. Be3 Nd5 28. Rc1 f5 29. h4 Kf7 30. Rc4 Kg6 0-1

[Event "Albena Vivacom op"]
[Site "Albena"]
[Date "2015.09.16"]
[Round "4"]
[White "Kovachev, Radoslav"]
[Black "Vatkovski, Mitko"]
[Result "1/2-1/2"]
[WhiteElo "1511"]
[BlackElo "1739"]
[PlyCount "38"]
[EventDate "2015.09.14"]
[EventType "swiss"]
[EventRounds "9"]
[EventCountry "BUL"]
[SourceTitle "EXT 2016"]
[Source "ChessBase"]
[SourceDate "2015.10.08"]
[SourceVersion "1"]
[SourceVersionDate "2015.10.08"]
[SourceQuality "1"]

1. e4 c5 2. Nc3 d6 3. g3 Nc6 4. Bg2 Nf6 5. d3 g6 6. Nge2 Bg7 7. 0-0 a6 8. Bg5 h6 9. Bd2 Bd7 10. Re1 Rb8 11. a4 Qc8 12. Nd5 Nxd5 13. exd5 Ne5 14. f4 Ng4 15. h3 Nf6 16. Kh2 b5 17. Nc3 b4 18. Ne4 0-0 19. Nxf6+ exf6 1/2-1/2

[Event "Albena Vivacom op"]
[Site "Albena"]
[Date "2015.09.14"]
[Round "1"]
[White "Kovachev, Radoslav"]
[Black "Galunova, Tsveta"]
[Result "0-1"]
[WhiteElo "1511"]
[BlackElo "2151"]
[PlyCount "90"]
[EventDate "2015.09.14"]
[EventType "swiss"]
[EventRounds "9"]
[EventCountry "BUL"]
[SourceTitle "EXT 2016"]
[Source "ChessBase"]
[SourceDate "2015.10.08"]
[SourceVersion "1"]
[SourceVersionDate "2015.10.08"]
[SourceQuality "1"]

1. e4 e5 2. Nc3 Nc6 3. g3 h5 4. h4 Nf6 5. Bg2 Bc5 6. d3 Ng4 7. Nh3 a6 8. Nd5 Ne7 9. Ne3 d6 10. Nxg4 hxg4 11. Ng1 Be6 12. Ne2 f6 13. Be3 Bxe3 14. fxe3 Qd7 15. d4 0-0-0 16. d5 Bf7 17. c4 g5 18. Qc2 gxh4 19. Rxh4 Rxh4 20. gxh4 Rh8 21. 0-0-0 Rxh4 22. Rh1 Rxh1+ 23. Bxh1 f5 24. exf5 Nxf5 25. e4 Nh4 26. Ng3 Bg6 27. Qf2 Qd8 28. Kb1 b6 29. b4 Qg5 30. Qe2 Qf4 31. c5 Kb7 32. cxd6 cxd6 33. Qc4 Be8 34. Nh5 Qh2 35. Qf1 Nf3 36. Bxf3 gxf3 37. Qxf3 Bxh5 38. Qf8 Qg1+ 39. Kb2 Qd4+ 40. Kc1 Qc4+ 41. Kb1 Qxb4+ 42. Ka1 Qd4+ 43. Kb1 Qxe4+ 44. Kb2 Qd4+ 45. Ka3 Qc3+ 0-1

[Event "Varna op-B 8th"]
[Site "Varna"]
[Date "2014.06.26"]
[Round "8"]
[White "Kovachev, Radoslav"]
[Black "Surkova, Sofya"]
[Result "1-0"]
[WhiteElo "1543"]
[BlackElo "1506"]
[PlyCount "69"]
[EventDate "2014.06.19"]
[EventType "swiss"]
[EventRounds "9"]
[EventCountry "BUL"]
[SourceTitle "CBM 161 Extra"]
[Source "ChessBase"]
[SourceDate "2014.08.29"]
[SourceVersion "1"]
[SourceVersionDate "2014.08.29"]
[SourceQuality "1"]

1. e4 e5 2. Nc3 Nc6 3. g3 Nf6 4. Bg2 Bc5 5. d3 d6 6. Nge2 0-0 7. 0-0 Be6 8. h3 Qd7 9. Kh2 Rab8 10. f4 exf4 11. Nxf4 Nd4 12. Nce2 Nxe2 13. Qxe2 Rfe8 14. Nxe6 Qxe6 15. Qf3 Nd7 16. c3 Ne5 17. Qe2 Bb6 18. d4 Ng6 19. Bd2 d5 20. e5 f6 21. Qf3 fxe5 22. Qxd5 c6 23. Qxe6+ Rxe6 24. dxe5 Rxe5 25. Bf3 Rbe8 26. Rad1 Rd8 27. Kg2 Re6 28. Bg5 Rxd1 29. Bxd1 h6 30. Bb3 Nf8 31. Be7 Kh7 32. Bxe6 Nxe6 33. Bd6 Nc5 34. Bxc5 Bxc5 35. b4 1-0

[Event "Varna op 7th"]
[Site "Varna"]
[Date "2013.06.20"]
[Round "2"]
[White "Kovachev, Radoslav"]
[Black "Dimitrov, Dejan"]
[Result "0-1"]
[WhiteElo "1572"]
[BlackElo "2029"]
[PlyCount "78"]
[EventDate "2013.06.19"]
[EventType "swiss"]
[EventRounds "9"]
[EventCountry "BUL"]
[SourceTitle "CBM 155 Extra"]
[Source "ChessBase"]
[SourceDate "2013.08.26"]
[SourceVersion "1"]
[SourceVersionDate "2013.08.26"]
[SourceQuality "1"]

1. e4 e5 2. Nc3 Bc5 3. g3 Nc6 4. Bg2 Nf6 5. Nge2 Ng4 6. 0-0 h5 7. Na4 Bxf2+ 8. Rxf2 Nxf2 9. Kxf2 h4 10. c3 hxg3+ 11. hxg3 d6 12. b3 Bg4 13. Qf1 Qf6+ 14. Ke1 Qg6 15. Ng1 0-0-0 16. d3 f5 17. Be3 Rdf8 18. Bf2 f4 19. gxf4 exf4 20. Nf3 Qh5 21. Ng1 f3 22. Nxf3 Bxf3 23. Kd2 Qg5+ 24. Be3 Qxg2+ 25. Qxg2 Bxg2 26. c4 Ne5 27. c5 d5 28. Nc3 Nf3+ 29. Kc2 d4 30. Nd5 dxe3 31. Nxe3 Nd4+ 32. Kc3 Nb5+ 33. Kc4 c6 34. Nxg2 Rd8 35. b4 Rd4+ 36. Kb3 Rxd3+ 37. Kc2 Rc3+ 38. Kd2 Rh2 39. Rg1 Rg3 0-1

[Event "EU-ch Seniors 13th"]
[Site "Plovdiv"]
[Date "2013.03.17"]
[Round "7"]
[White "Fystro, Odd Ivar"]
[Black "Kovachev, Radoslav"]
[Result "1/2-1/2"]
[WhiteElo "1673"]
[BlackElo "1592"]
[PlyCount "77"]
[EventDate "2013.03.11"]
[EventType "swiss"]
[EventRounds "9"]
[EventCountry "BUL"]
[SourceTitle "CBM 153 Extra"]
[Source "ChessBase"]
[SourceDate "2013.04.22"]
[SourceVersion "1"]
[SourceVersionDate "2013.04.22"]
[SourceQuality "1"]

1. e4 e6 2. d4 d5 3. Nd2 b6 4. Bd3 Ba6 5. Qe2 Bxd3 6. Qxd3 g6 7. Ngf3 Bg7 8. 0-0 Ne7 9. c3 0-0 10. Re1 Nd7 11. Nf1 c5 12. Bg5 f6 13. Bd2 c4 14. Qc2 Re8 15. Re2 Qc7 16. Rae1 Nf8 17. exd5 exd5 18. Qc1 Kf7 19. Bf4 Qd7 20. h3 Nf5 21. Rxe8 Rxe8 22. Rxe8 Qxe8 23. Qe1 Ne6 24. Bd2 h6 25. Ne3 Nxe3 26. Bxe3 Qe7 27. Bc1 b5 28. a3 a6 29. Kf1 Nc7 30. Qxe7+ Kxe7 31. Nh4 Kf7 32. f4 Bf8 33. Nf3 Ne8 34. g3 Nd6 35. Kg2 Ke6 36. g4 a5 37. Bd2 Ne4 38. Bc1 g5 39. f5+ 1/2-1/2

[Event "EU-ch Seniors 13th"]
[Site "Plovdiv"]
[Date "2013.03.12"]
[Round "2"]
[White "Kovachev, Radoslav"]
[Black "Jorgensen, Arne Bjorn"]
[Result "0-1"]
[WhiteElo "1592"]
[BlackElo "1993"]
[PlyCount "114"]
[EventDate "2013.03.11"]
[EventType "swiss"]
[EventRounds "9"]
[EventCountry "BUL"]
[SourceTitle "CBM 153 Extra"]
[Source "ChessBase"]
[SourceDate "2013.04.22"]
[SourceVersion "1"]
[SourceVersionDate "2013.04.22"]
[SourceQuality "1"]

1. e4 e6 2. Nc3 d5 3. exd5 exd5 4. d4 Nf6 5. Nge2 Be7 6. g3 0-0 7. Bg2 c6 8. 0-0 Bf5 9. h3 h6 10. g4 Nxg4 11. hxg4 Bxg4 12. Qd3 Bxe2 13. Nxe2 Nd7 14. Bf4 Bf6 15. c3 g5 16. Bd6 Re8 17. Ng3 Bg7 18. Nf5 Qf6 19. Nxg7 Kxg7 20. Bg3 h5 21. Rfe1 h4 22. Rxe8 Rxe8 23. Bh2 g4 24. Kf1 Qg5 25. Rd1 f5 26. Qd2 Kg6 27. Qxg5+ Kxg5 28. Re1 Rxe1+ 29. Kxe1 f4 30. f3 Nf6 31. fxg4 Kxg4 32. Ke2 Nh7 33. Bf3+ Kf5 34. Kf2 Ng5 35. Bh5 Ne4+ 36. Kf3 Ng5+ 37. Ke2 Ne4 38. Be8 Nf6 39. Bf7 Ne4 40. Bh5 Nf6 41. Bf3 Nh7 42. Kf2 Nf6 43. Kg2 Nh7 44. Bg1 Ng5 45. Bd1 h3+ 46. Kh2 Ke4 47. Bf2 Kd3 48. Bg1 f3 49. Kg3 Kd2 50. Bxf3 Nxf3 51. Kxf3 Kc2 52. Kf4 Kxb2 53. Ke5 Kxa2 54. Bh2 Kb3 55. Kf4 a5 56. Bg3 a4 57. Be1 h2 0-1

[Event "Varna op 6th"]
[Site "Varna"]
[Date "2012.07.19"]
[Round "8"]
[White "Kovachev, Radoslav"]
[Black "Dichev, Kalojan"]
[Result "0-1"]
[WhiteElo "1622"]
[BlackElo "1496"]
[PlyCount "62"]
[EventDate "2012.07.11"]
[EventType "swiss"]
[EventRounds "9"]
[EventCountry "BUL"]
[SourceTitle "CBM 149 Extra"]
[Source "ChessBase"]
[SourceDate "2012.08.24"]
[SourceVersion "1"]
[SourceVersionDate "2012.08.24"]
[SourceQuality "1"]

1. e4 d5 2. exd5 Qxd5 3. Nc3 Qa5 4. Bc4 c6 5. d3 Bf5 6. Nf3 Nf6 7. 0-0 e6 8. Bd2 Qc7 9. h3 Bd6 10. Bg5 Nbd7 11. Nd4 Bg6 12. Re1 Nf8 13. Bxf6 gxf6 14. Qf3 Be7 15. Re3 0-0-0 16. Nb3 Nd7 17. d4 Bxc2 18. Rc1 Bxb3 19. Bxb3 a6 20. Ne2 Nb6 21. Rec3 Nd5 22. Rc4 Rd6 23. Nc3 Nxc3 24. R1xc3 Kb8 25. Ra4 Rhd8 26. Rd3 Ka7 27. Qg3 b5 28. Ra3 R6d7 29. Qxc7+ Rxc7 30. Bxe6 Bxa3 31. Rxa3 fxe6 0-1

[Event "Varna op 5th"]
[Site "Varna"]
[Date "2011.07.03"]
[Round "1"]
[White "Kovachev, Radoslav"]
[Black "Rzayev, Bahruz Iqbal Oglu"]
[Result "0-1"]
[WhiteElo "1616"]
[BlackElo "2335"]
[PlyCount "60"]
[EventDate "2011.07.03"]
[EventType "swiss"]
[EventRounds "9"]
[EventCountry "BUL"]
[SourceTitle "CBM 143 Extra"]
[Source "ChessBase"]
[SourceDate "2011.08.29"]
[SourceVersion "1"]
[SourceVersionDate "2011.08.29"]
[SourceQuality "1"]

1. e4 e5 2. Nc3 Nf6 3. g3 d5 4. exd5 Nxd5 5. Qf3 Nxc3 6. Qxc3 Nc6 7. Bg2 Nd4 8. a3 Be7 9. Nf3 0-0 10. d3 Bf6 11. Nxd4 exd4 12. Qb3 Re8+ 13. Be4 Bh3 14. Rg1 Bf5 15. f3 Rb8 16. Bd2 Be6 17. Qa4 Be7 18. 0-0-0 f5 19. Bxf5 Bxf5 20. Qc4+ Kh8 21. g4 b5 22. Qb3 Bc8 23. Rde1 Bb7 24. Qf7 Bd5 25. Qh5 Bg8 26. Re5 Bd6 27. Rxb5 Rxb5 28. Qxb5 Re2 29. f4 Qh4 30. Qf5 Rxd2 0-1

[Event "Varna op 4th"]
[Site "Varna"]
[Date "2010.06.20"]
[Round "9"]
[White "Aleksandrov, Georgi"]
[Black "Kovachev, Radoslav"]
[Result "1-0"]
[WhiteElo "2245"]
[BlackElo "1631"]
[PlyCount "85"]
[EventDate "2010.06.12"]
[EventType "swiss"]
[EventRounds "9"]
[EventCountry "BUL"]
[SourceTitle "CBM 136 Extra"]
[Source "ChessBase"]
[SourceDate "2010.07.02"]
[SourceVersion "2"]
[SourceVersionDate "2010.07.15"]
[SourceQuality "1"]

1. d4 d5 2. Bg5 Nf6 3. Bxf6 exf6 4. Nf3 Bd6 5. e3 0-0 6. Bd3 Be6 7. 0-0 Nd7 8. c3 c5 9. dxc5 Nxc5 10. Bc2 Qb6 11. Qc1 Rfe8 12. Nbd2 Rac8 13. Nb3 Ne4 14. Nbd4 Bg4 15. h3 Be6 16. Rd1 Rc5 17. Nb3 Rcc8 18. Nfd4 f5 19. Re1 a6 20. Qd1 g6 21. Qe2 f4 22. exf4 Bxf4 23. Qf3 Qc7 24. Bxe4 dxe4 25. Rxe4 Bh6 26. Nxe6 fxe6 27. Rae1 e5 28. Qe2 Bg7 29. f4 Re6 30. Nd4 Qb6 31. Kh1 Ree8 32. fxe5 Rf8 33. Nf3 Qe6 34. c4 Rf5 35. Nd4 Qd7 36. Nxf5 Qxf5 37. e6 Re8 38. Rf1 Qa5 39. b3 Re7 40. Rf7 Rxf7 41. exf7+ Kxf7 42. Re7+ Kg8 43. Qe6+ 1-0

[Event "Kesarovski Georgiev Memorial 8th"]
[Site "Sunny Beach"]
[Date "2009.09.08"]
[Round "2"]
[White "Kovachev, Radoslav"]
[Black "Kolev, Atanas Tonchev"]
[Result "1/2-1/2"]
[WhiteElo "1637"]
[BlackElo "2015"]
[PlyCount "120"]
[EventDate "2009.09.07"]
[EventType "swiss"]
[EventRounds "9"]
[EventCountry "BUL"]
[SourceTitle "CBM 132 Extra"]
[Source "ChessBase"]
[SourceDate "2009.11.03"]
[SourceVersion "1"]
[SourceVersionDate "2009.11.03"]
[SourceQuality "1"]

1. e4 d5 2. exd5 Qxd5 3. Nc3 Qa5 4. Nf3 Nf6 5. Bc4 Bg4 6. Qe2 Nc6 7. Bb5 Bd7 8. 0-0 a6 9. Bxc6 Bxc6 10. Ne5 Qc5 11. Nxc6 Qxc6 12. d3 e6 13. Bg5 Be7 14. Bxf6 Bxf6 15. Nd1 0-0-0 16. c3 Qb5 17. c4 Qd7 18. Qe3 Kb8 19. Nc3 Qxd3 20. Qc5 Bxc3 21. bxc3 Qxc3 22. Qe7 Qf6 23. Qb4 Rd6 24. c5 Rd4 25. Qb3 c6 26. Rab1 Qe7 27. Qg3+ Ka8 28. Qxg7 Rhd8 29. Qxh7 Rh4 30. Qg7 Rc4 31. Rbc1 Rxc1 32. Rxc1 Qxc5 33. Ra1 Qf5 34. h3 Rd2 35. Qg8+ Ka7 36. Qg3 Qd5 37. Qe3+ c5 38. a4 Qd4 39. Qxd4 Rxd4 40. g4 b5 41. axb5 Kb6 42. bxa6 Ka7 43. Kf1 Rd3 44. Kg2 c4 45. h4 c3 46. h5 c2 47. Rc1 Rc3 48. g5 Kxa6 49. h6 Rc5 50. f4 Kb5 51. Kf3 Rc8 52. Ke4 Kb4 53. Ke5 Kb3 54. Kf6 Rc4 55. Kxf7 Rxf4+ 56. Kxe6 Rh4 57. Kf6 Kb2 58. Rg1 Rf4+ 59. Kg7 Rg4 60. Rxg4 c1Q 1/2-1/2

[Event "Varna op 3rd"]
[Site "Varna"]
[Date "2009.06.19"]
[Round "9"]
[White "Kovachev, Radoslav"]
[Black "Melnikova, Yana"]
[Result "0-1"]
[WhiteElo "1663"]
[BlackElo "2264"]
[PlyCount "73"]
[EventDate "2009.06.12"]
[EventType "swiss"]
[EventRounds "9"]
[EventCountry "BUL"]
[SourceTitle "CBM 130 Extra"]
[Source "ChessBase"]
[SourceDate "2009.07.02"]
[SourceVersion "2"]
[SourceVersionDate "2009.07.15"]
[SourceQuality "1"]

1. e4 c5 2. Nf3 Nc6 3. Bc4 e6 4. 0-0 Qc7 5. Nc3 a6 6. a3 b5 7. Ba2 Nf6 8. d3 Bb7 9. h3 Rc8 10. Re1 b4 11. axb4 cxb4 12. Ne2 Be7 13. Bf4 d6 14. Ng5 Nh5 15. Be3 Nf6 16. Nf4 Nd8 17. Bxe6 Nxe6 18. Ngxe6 fxe6 19. Nxe6 Qxc2 20. Nxg7+ Kf7 21. Nf5 Qxd1 22. Rexd1 Rc2 23. Bd4 Rb8 24. Ne3 Rc7 25. Nf5 Bf8 26. e5 Ne8 27. Re1 Bc8 28. Ne3 Rb5 29. f4 dxe5 30. Bxe5 Bd6 31. d4 a5 32. b3 Be6 33. Reb1 Bxe5 34. dxe5 Rc3 35. f5 Bxb3 36. Ng4 Bc2 37. Nh6+ 0-1